000 01188nam0a2200313 4500
001 RU\NLR\bibl\1396468
005 20250615202705.0
010 _a978-5-699-34100-9
_94000
021 _aRU
_b2009-57312
_9263д
035 _a(NLR Aleph) 001388489
090 _a1146869
_c1146869
100 _a20090731d2009 |||y0rusy50 ca
101 0 _arus
102 _aRU
105 _aac |||||||||
200 1 _aБоевые самолеты Микояна
_eЕсть только "МиГ"...
_fНиколай Якубович
210 _aМосква
_cЯуза
_cЭксмо
_d2009
215 _a588, [1] с.
_cил., портр.
_d21
225 1 _aВойна и мы
_iСоветская авиация
606 0 _aМиГ, истребители
_92089092
_3RU\NLR\auth\661264642
686 _aЦ651.111.1г
700 1 _4070
_7ca
_8rus
_aЯкубович
_bН. В.
_f1947-
_gНиколай Васильевич
_9142336
_3RU\NLR\AUTH\770142372
702 1 _4570
_aМикоян
_bА. И.
_f1905-1970
_gАртём Иванович
_9178933
_3RU\NLR\AUTH\770178984
801 0 _aRU
_bNLR
_c20090731
_gRCR
801 1 _aRU
_bNLR
_c20090731
942 _cBOOK
980 _aNB